Great short works of Jack London
Enregistré dans:
| Auteur principal: | |
|---|---|
| Format: | Livre |
| Langue: | Undetermined |
| Publié: |
New York, Estados Unidos
Harper and Row
1965
|
| Sujets: | |
| Tags: |
Ajouter un tag
Pas de tags, Soyez le premier à ajouter un tag!
|
MARC
| LEADER | 00000nam a2200000Ia 4500 | ||
|---|---|---|---|
| 008 | 170316s9999 xx 000 0 und d | ||
| 090 | |a 810 L-30g | ||
| 100 | |a London, Jack | ||
| 245 | |a Great short works of Jack London | ||
| 260 | |a New York, Estados Unidos | ||
| 260 | |b Harper and Row | ||
| 260 | |c 1965 | ||
| 300 | |a 379 páginas | ||
| 650 | |a LITERATURA ESTADOUNIDENSE | ||
| 650 | |a NOVELA | ||
| 999 | |c 21265 |d 21265 | ||
| 040 | |a cru BVZT | ||
| 942 | |c 15 D |h 810 L-30g |2 z | ||
